00397pab a2200133 454500008004000000100002000040245009600060260000900156300001700165362001100182650002900193650002100222773002000243180718b2011 xxu||||| |||| 00| 0 eng d aVasishta, Seema aOpen access movement: New prospects of scholarly communication in higher education in India c2011 ap.15-18, 30. a20 Jun aHigher education - India aHigher education aUniversity News